Políticos empresarios y militares: protagonistas de un golpe anunciado /
সংরক্ষণ করুন:
| প্রধান লেখক: | |
|---|---|
| বিন্যাস: | পাঠ্য |
| ট্যাগগুলো: |
ট্যাগ যুক্ত করুন
কোনো ট্যাগ নেই, প্রথমজন হিসাবে ট্যাগ করুন!
|
MARC
| LEADER | 00000 a a2200000 04500 | ||
|---|---|---|---|
| 001 | 45418 | ||
| 003 | |||
| 040 | |||
| 100 | |a Salomón, Leticia | ||
| 245 | |a Políticos empresarios y militares: |b protagonistas de un golpe anunciado / |c Leticia Salomón | ||
| 773 | |g volumen28, número328 (2009), páginas 38-43 | ||
| 999 | |c 21465 |d 21465 | ||
